History Quiz

Random History or Clickable Quiz
Score 0/20 Timer 08:00
1 Play Today
% Correct
Cuban Revolution
97.2%
American Revolution
92.8%
Warsaw Uprising
87.7%
Iranian Revolution
79.3%
Haitian Revolution
73.1%
Russian Revolution of 1905
72.6%
Mexican Revolution
71.2%
French Revolution
69.5%
Hungarian Uprising of 1956
63%
Paris Commune
56.1%
% Correct
Easter Rising
54%
Romanian Revolution
53.1%
Sepoy Mutiny
51.9%
February Revolution
51.6%
Shays' Rebellion
50%
Glorious Revolution
49.2%
Kiel Mutiny
48.7%
Boxer Rebellion
48.3%
Tunisian Revolution
39.8%
The Great Revolt
38.8%

You're not logged in!

Compare scores with friends on all Sporcle quizzes.
OR
Log In

Sporcle TV

Today on Sporcle TV


Watch our educational content, quiz creation guides, and fun videos on Sporcle TV.

Show Comments

Extras

Top Quizzes Today


Score Distribution

Your Account Isn't Verified!

In order to create a playlist on Sporcle, you need to verify the email address you used during registration. Go to your Sporcle Settings to finish the process.

Report this User

Report this user for behavior that violates our Community Guidelines.

Details: